000 00659nam a2200253Ia 4500
005 20260121114147.0
008 008 260114s9999 xx 000 0 eng d
020 _a9781119559658
037 _aEBOOK
040 _aCRL
040 _beng
040 _cCRL
041 _2eng
041 _aeng
084 _qCRL
100 _aBart R. McDonough
_9971594
245 0 _aCyber Smart - Five Habits to Protect Your Family, Money, and Identity from Cyber Criminals
260 _bWiley
260 _c2018
856 _uhttps://onlinelibrary.wiley.com/doi/book/10.1002/9781119559658
942 _cEBOOK
999 _c1550848
_d1550848